[Event "Arco op 40th"]
[Site "Arco"]
[Date "2018.10.21"]
[Round "9"]
[White "Ciola, Alberto"]
[Black "Mastroddi, Emiliano"]
[Result "1/2-1/2"]
[WhiteElo "1873"]
[BlackElo "2017"]
[PlyCount "33"]
[EventDate "2018.10.13"]
[EventType "swiss"]
[EventRounds "9"]
[EventCountry "ITA"]
[SourceTitle "CBM 186 Extra"]
[Source "ChessBase"]
[SourceDate "2018.08.24"]
[SourceVersion "1"]
[SourceVersionDate "2018.08.24"]
[SourceQuality "1"]

1. d4 d5 2. c4 c6 3. cxd5 cxd5 4. Nc3 Nf6 5. Nf3 Nc6 6. e3 Bf5 7. Bd3 Bxd3 8. Qxd3 e6 9. a3 a6 10. 0-0 Bd6 11. e4 dxe4 12. Nxe4 Nxe4 13. Qxe4 0-0 14. Be3 Be7 15. Rfd1 Bf6 16. Rab1 Re8 17. b4 1/2-1/2

[Event "Arco op 40th"]
[Site "Arco"]
[Date "2018.10.18"]
[Round "6"]
[White "Buchner, Martin"]
[Black "Ciola, Alberto"]
[Result "1/2-1/2"]
[WhiteElo "1730"]
[BlackElo "1873"]
[PlyCount "49"]
[EventDate "2018.10.13"]
[EventType "swiss"]
[EventRounds "9"]
[EventCountry "ITA"]
[SourceTitle "CBM 186 Extra"]
[Source "ChessBase"]
[SourceDate "2018.08.24"]
[SourceVersion "1"]
[SourceVersionDate "2018.08.24"]
[SourceQuality "1"]

1. d4 Nf6 2. Nf3 g6 3. e3 Bg7 4. Bd3 c5 5. c3 cxd4 6. exd4 0-0 7. 0-0 d6 8. Re1 Nc6 9. Nbd2 b6 10. Qe2 Re8 11. Ne4 Nxe4 12. Bxe4 d5 13. Bd3 e5 14. Bb5 Bd7 15. Bxc6 Bxc6 16. dxe5 d4 17. Bf4 dxc3 18. bxc3 Bxf3 19. Qxf3 Rc8 20. Rad1 Qe7 21. Rd3 Qe6 22. Rd5 Rxc3 23. Qxc3 Qxd5 24. a3 Qd7 25. Bg3 1/2-1/2

[Event "Arco op 40th"]
[Site "Arco"]
[Date "2018.10.13"]
[Round "1"]
[White "Ciola, Alberto"]
[Black "Santos Latasa, Jaime"]
[Result "0-1"]
[WhiteElo "1873"]
[BlackElo "2572"]
[PlyCount "68"]
[EventDate "2018.10.13"]
[EventType "swiss"]
[EventRounds "9"]
[EventCountry "ITA"]
[SourceTitle "CBM 186 Extra"]
[Source "ChessBase"]
[SourceDate "2018.08.24"]
[SourceVersion "1"]
[SourceVersionDate "2018.08.24"]
[SourceQuality "1"]

1. d4 g6 2. c4 Bg7 3. Nc3 d6 4. Nf3 Nf6 5. e3 0-0 6. Bd3 Nc6 7. a3 e5 8. d5 Ne7 9. e4 Nd7 10. b4 f5 11. Bb2 Nf6 12. Qc2 Nh5 13. Ne2 h6 14. Nd2 Kh8 15. h3 Nf6 16. Ng3 Qd7 17. 0-0-0 c6 18. f3 h5 19. Ne2 cxd5 20. cxd5 b5 21. g4 Bb7 22. Kb1 Rac8 23. Nc3 Nexd5 24. exd5 Nxd5 25. Rc1 e4 26. Bxb5 Qe7 27. Nxd5 Rxc2 28. Nxe7 Rxb2+ 29. Ka1 Rxd2+ 30. Kb1 Rb2+ 31. Ka1 Rxb4+ 32. Ka2 Rb2+ 33. Ka1 Rxb5+ 34. Ka2 Rf7 0-1

[Event "Arco op 33rd"]
[Site "Arco"]
[Date "2011.10.26"]
[Round "5"]
[White "Astengo, Corrado"]
[Black "Ciola, Alberto"]
[Result "1/2-1/2"]
[WhiteElo "2086"]
[BlackElo "1915"]
[PlyCount "60"]
[EventDate "2011.10.22"]
[EventType "swiss"]
[EventRounds "9"]
[EventCountry "ITA"]
[SourceTitle "EXT 2012"]
[Source "ChessBase"]
[SourceDate "2011.11.24"]
[SourceVersion "1"]
[SourceVersionDate "2011.11.24"]
[SourceQuality "1"]

1. e4 c5 2. Nf3 Nc6 3. d4 cxd4 4. Nxd4 g6 5. Nc3 Bg7 6. Be3 d6 7. Qd2 Nf6 8. f3 0-0 9. 0-0-0 Nxd4 10. Bxd4 Be6 11. g4 a6 12. h4 h5 13. g5 Nd7 14. Bxg7 Kxg7 15. Nd5 b5 16. f4 Bxd5 17. Qxd5 Nb6 18. Qd4+ Kh7 19. f5 Qc7 20. Bh3 Rad8 21. Rhf1 Nc4 22. Rf2 Ne5 23. Rdf1 Qc4 24. fxg6+ Kxg6 25. Qd1 Rh8 26. Kb1 a5 27. Qd5 Qxd5 28. exd5 Kg7 29. Re2 Rb8 30. Rf4 b4 1/2-1/2

[Event "Arco op 32nd"]
[Site "Arco"]
[Date "2010.10.22"]
[Round "7"]
[White "Ciola, Alberto"]
[Black "Prelati, Maurizio"]
[Result "0-1"]
[WhiteElo "1929"]
[BlackElo "2111"]
[PlyCount "132"]
[EventDate "2010.10.16"]
[EventType "swiss"]
[EventRounds "9"]
[EventCountry "ITA"]
[SourceTitle "EXT 2024"]
[Source "ChessBase"]
[SourceDate "2023.10.10"]
[SourceVersion "1"]
[SourceVersionDate "2023.10.10"]
[SourceQuality "1"]

1. d4 d5 2. c4 c6 3. Nc3 Nf6 4. cxd5 cxd5 5. Nf3 Nc6 6. a3 Bf5 7. e3 a6 8. Nh4 Bg6 9. Nxg6 hxg6 10. b4 Qc7 11. Bd2 Rxh2 12. Rxh2 Qxh2 13. Qb3 e6 14. b5 axb5 15. Qxb5 Qc7 16. Rb1 Bxa3 17. Qxb7 Qxb7 18. Rxb7 Kf8 19. Rb6 Nd8 20. Ra6 Rxa6 21. Bxa6 Bb4 22. Nb1 Bxd2+ 23. Nxd2 Nc6 24. Bb5 Na5 25. Ke2 Nb7 26. Ke1 Ke7 27. Nf3 Nd6 28. Ba6 Nfe8 29. Ne5 Kf6 30. Bd3 Kg5 31. Nf3+ Kh6 32. Ne5 Nf6 33. Be2 g5 34. Ba6 g4 35. Be2 Kg5 36. Bd3 Ng8 37. Be2 Nh6 38. Bd3 f5 39. g3 Kf6 40. Ke2 Nhf7 41. Nxf7 Nxf7 42. Bb5 Ng5 43. Bd7 Ke7 44. Bc6 Kd6 45. Be8 Ke7 46. Bc6 Nf7 47. Ke1 g5 48. Ke2 Kf6 49. Be8 Nd6 50. Bd7 Nf7 51. Be8 Nh8 52. Bd7 Ng6 53. Be8 Kg7 54. Bd7 Kf7 55. Bc6 f4 56. gxf4 gxf4 57. exf4 Nxf4+ 58. Ke3 Ng2+ 59. Ke2 Kf6 60. Be8 Kf5 61. f3 g3 62. Bf7 Nf4+ 63. Kf1 Kg5 64. Be8 Kh4 65. Bb5 Kh3 66. Kg1 g2 0-1

[Event "Arco op 32nd"]
[Site "Arco"]
[Date "2010.10.21"]
[Round "6"]
[White "La Manna, Andrea"]
[Black "Ciola, Alberto"]
[Result "1-0"]
[WhiteElo "2196"]
[BlackElo "1929"]
[PlyCount "45"]
[EventDate "2010.10.16"]
[EventType "swiss"]
[EventRounds "9"]
[EventCountry "ITA"]
[SourceTitle "EXT 2024"]
[Source "ChessBase"]
[SourceDate "2023.10.10"]
[SourceVersion "1"]
[SourceVersionDate "2023.10.10"]
[SourceQuality "1"]

1. d4 Nf6 2. c4 g6 3. Nc3 Bg7 4. e4 d6 5. f3 0-0 6. Be3 Nbd7 7. Nge2 c5 8. d5 Nb6 9. Ng3 e5 10. Bd3 Kh8 11. Qd2 Ng8 12. 0-0 f5 13. f4 fxe4 14. Ncxe4 Bf5 15. fxe5 Bxe4 16. Nxe4 Bxe5 17. Ng5 Qe7 18. Ne6 Qh4 19. g3 Rxf1+ 20. Rxf1 Bxg3 21. Bf4 Bxf4 22. Rxf4 Qe7 23. Qc3+ 1-0

[Event "Arco op 31st"]
[Site "Arco"]
[Date "2009.10.20"]
[Round "5"]
[White "Ciola, Alberto"]
[Black "Trauth, Michael"]
[Result "0-1"]
[WhiteElo "1920"]
[BlackElo "2185"]
[PlyCount "56"]
[EventDate "2009.10.17"]
[EventType "swiss"]
[EventRounds "9"]
[EventCountry "ITA"]
[SourceTitle "EXT 2010"]
[Source "ChessBase"]
[SourceDate "2010.11.25"]
[SourceVersion "1"]
[SourceVersionDate "2010.11.25"]
[SourceQuality "1"]

1. d4 Nf6 2. c4 c5 3. d5 b5 4. cxb5 a6 5. e3 Bb7 6. Nc3 Qa5 7. Bd2 axb5 8. Nxb5 Qb6 9. f3 Bxd5 10. a4 e6 11. e4 Bb7 12. Bc3 Be7 13. Bd3 d5 14. Be5 Na6 15. a5 Qd8 16. exd5 exd5 17. Ne2 0-0 18. 0-0 Bc6 19. Nec3 Qd7 20. Na3 Rfd8 21. Bb5 Nb4 22. Bxc6 Nxc6 23. Bg3 Rxa5 24. Qd2 Nd4 25. Rad1 c4 26. Bf2 Nb3 27. Qe2 Bxa3 28. bxa3 Rxa3 0-1